| 000 | 01906nam a2200289 a 4500 | ||
|---|---|---|---|
| 999 |
_c482823 _d482823 |
||
| 003 | BLK | ||
| 005 | 20240321115038.0 | ||
| 008 | 221130b bu |||||r|||| 00| | bu d | ||
| 040 | _aBLK | ||
| 041 |
_aBUL _cBUL |
||
| 080 |
_aФактори на икономическото развитие. - Развитие на производството. Технически прогрес. Институционни промени. Структурни промени. Индустриализация. Концентрация. Централизация, децентрализация _b330.341 _z330.341 |
||
| 139 | _aИкономическа ефективност на научно-техническия прогрес | ||
| 245 |
_aИкономическа ефективност на научно-техническия прогрес _bМоногр. _cП. И. Верба и др.; прев. от рус. Магдалена Атанасова |
||
| 260 |
_9211414 _aСофия _bПартиздат _c1979 |
||
| 300 |
_a307 с. _c21 см |
||
| 380 | _a3 | ||
| 500 | _aОриг. загл. Экономическая эффективность научно-технического прогресса Други авт. : В. К. Врублевски, Д. П. Богиня, Н. Г. Чумаченко, Л. Н. Шаблиста, Г. И. Манцуров, М. И. Долишни, отбелязани на с. 8 | ||
| 504 | _aБиблиогр. под линия. | ||
| 650 | 7 |
_aНаучно-технически прогрес _2 _9163659 |
|
| 653 | 7 |
_9187472 _aикономическа ефективност |
|
| 700 |
_aВерба, Прокофий Иванович _eсъавт. _91445 |
||
| 700 |
_9368678 _aАтанасова, Магдалена _eпрев. от рус. |
||
| 852 |
_aЦб 98967 _bЦб |
||
| 856 |
_i0.00 _ldisable |
||
| 942 |
_cKNG _n0 _s1 |
||
| 944 |
_aCR _c2022-11-30 _k30560 _lГеновева Генчева |
||